000
00202 a2200097 4500
001
10387
100
_a
Byers, H R
245
_a
General meteorology
260
_a
_b
Mc graw Hill
_c
090
_c
8030
_d
8030
942
_a
NUST-CAE
_c
34746
_c
M
999
_c
245460
_d
245460